Statistiken für Alle Minderheiten Bulgariens

Klicken Sie hier um das Quiz zu spielen!

Allgemein

  • Dieses Quiz wurde 32 mal gespielt
  • Das Durchschnittsergebnis liegt bei 18 aus 26

Antwortstatistiken

BevölkerungLand% Korrekt
11,702Türkei
97%
4,556Rumänien
93%
9,334Deutschland
90%
31,679Russland
90%
2,879Serbien
90%
10,115Ukraine
86%
8,563Griechenland
83%
3,790Italien
83%
3,595Nordmazedonien
79%
1,348Albanien
76%
2,614Frankreich
76%
7,098Spanien
76%
3,153USA
72%
1,447China
69%
2,043Polen
69%
2,990Moldawien
66%
14,080Syrien
66%
1,840Armenien
62%
1,512Österreich
62%
9,992Vereinigtes Königreich
62%
1,514Tschechien
59%
2,103Aserbaidschan
55%
1,522Niederlande
55%
2,199Belgien
48%
2,101Kasachstan
38%
1,372Zypern
34%

Verteilung der Resultate

Perzentil nach korrekt beantworteten Fragen

Anzahl Personen mit jedem Resultat

Ihre Resultats-Entwicklung

Sie haben dieses Quiz noch nicht gespielt